2024 NCAA March Madness - Statistics

General Stats
  • This quiz has been taken 1,418 times
  • The average score is 35 of 67
Answer Stats
Seed Answer % Correct
1 UConn Huskies
90%
1 Purdue Boilermakers
87%
4 Duke Blue Devils
83%
1 Houston Cougars
82%
7 Texas Longhorns
82%
4 Alabama Crimson Tide
81%
4 Kansas Jayhawks
81%
1 North Carolina Tar Heels
81%
3 Kentucky Wildcats
80%
2 Tennessee Volunteers
75%
2 Arizona Wildcats
73%
11 N.C. State Wolfpack
71%
7 Florida Gators
70%
2 Iowa State Cyclones
70%
9 Michigan State Spartans
69%
6 Gonzaga Bulldogs
67%
4 Auburn Tigers
66%
3 Illinois Fighting Illini
66%
10 Colorado Buffaloes
65%
3 Baylor Bears
64%
11 Oregon Ducks
63%
6 Texas Tech Red Raiders
63%
9 Texas A&M Aggies
61%
2 Marquette Golden Eagles
60%
3 Creighton Bluejays
58%
10 Virginia Cavaliers
58%
6 Clemson Tigers
57%
5 Wisconsin Badgers
57%
10 Colorado State Rams
53%
5 San Diego State Aztecs
53%
13 Yale Bulldogs
52%
8 FAU Owls
51%
14 Oakland Golden Grizzlies
51%
8 Mississippi State Bulldogs
50%
5 BYU Cougars
49%
8 Nebraska Cornhuskers
48%
9 Northwestern Wildcats
48%
6 South Carolina Gamecocks
47%
8 Utah State Aggies
46%
11 New Mexico Lobos
45%
7 Washington State Cougars
45%
9 TCU Horned Frogs
44%
5 Saint Mary's Gaels
43%
12 James Madison Dukes
40%
10 Drake Bulldogs
39%
12 Grand Canyon Antelopes
39%
10 Nevada Wolf Pack
38%
10 Boise State Broncos
37%
12 McNeese Cowboys
37%
16 Stetson Hatters
35%
7 Dayton Flyers
33%
11 Duquesne Dukes
33%
15 Saint Peter's Peacocks
33%
13 Samford Bulldogs
33%
13 Vermont Catamounts
33%
16 Wagner Seahawks
33%
16 Howard Bison
32%
16 Grambling State Tigers
31%
16 Longwood Lancers
30%
16 Montana State Bobcats
30%
14 Colegate Raiders
29%
15 South Dakota State Jackrabbits
29%
12 UAB Blazers
29%
14 Akron Zips
26%
13 Charleston Cougars
26%
14 Morehead State Eagles
26%
15 Long Beach State Beach
25%
No matching quizzes found
Score Distribution
Percent of People with Each Score
Percentile by Number Answered
Your Score History
You have not taken this quiz